000 00643nam a2200229 a 4500
001 BRCA_6482
005 20190320205456.0
008 240911s1940----nyua######---#000-0#eng-#
041 _aeng
044 _anyu
050 4 _aND813
_b.T73 1940
100 1 _aTrapier, Elizabeth Du Gue
_916196
245 1 0 _aEugenio Lucas y Padilla
_cElizabeth Du Gue Trapier.
260 _aNueva York
_bOrder of the Trustees
_c1940
300 _a66 p.
_bil.
_c23 cm.
500 _aM80
600 1 4 _aLucas y Padilla, Eugenio
_d1824-1870
_916197
650 1 4 _aPintores espaƱoles
_97620
650 1 4 _aPinturas espaƱolas
_97789
902 _aGFM
942 _2lcc
_cB
999 _c6166
_d6166